000 00344nam a2200169Ia 4500
100 _aLee/Reymond S.T
650 _aFuzzy
942 _cBK
366 _f17.5
654 _afuzzy
245 _aFuzzy Neuro approach to agent applications
260 _bSpringer
_c2006
082 _bLEE
300 _a374
546 _aENGLISH
999 _c27875
_d27875